Word /
Guardado en:
| Autor Corporativo: | |
|---|---|
| Formato: | |
| Materias: | |
| Etiquetas: |
Agregar Etiqueta
Sin Etiquetas, Sea el primero en etiquetar este registro!
|
| LEADER | 00877ngm a22002415g 4500 | ||
|---|---|---|---|
| 001 | CEM.cems022502 | ||
| 008 | 130507b2000##################0###0#####d | ||
| 005 | 20241105145957.0 | ||
| 245 | 1 | 0 | |a Word / |c ATC. |
| 300 | |a 54'. | ||
| 500 | |a En soporte VHS, consultar en ventanilla. | ||
| 505 | 0 | |a Numeración y viñetas (H: 2455). Espaciado y animación (H: 2740). Encabezado y pie de página (H: 3032). Columna y letra capital (H: 3320). Barra de dibujos (H: 3611). Insertar comentario (H: 3907). | |
| 538 | |a Soporte: VHS - Norma: Pal N - Color: Si - Grabación DRD 2000 - Hitachi=2455 | ||
| 110 | 2 | |a ATC. | |
| 082 | 0 | 0 | |. 6/ATC |
| 653 | |a COMPUTACION | ||
| 653 | |a PC | ||
| 653 | |a INFORMATICA | ||
| 653 | |a COMPUTADORAS | ||
| 653 | |a WORD | ||
| 653 | |a NIVEL PRIMARIO | ||
| 653 | |a NIVEL SECUNDARIO | ||
| 859 | |a CEMS |b BIB. CEMS - Depto. Recursos Didacticos |h 001.6 |i ATC |k DRD |p 1145.12 |t Ej.1 | ||
